| 000 | 01109cam a2200313 a 4500 | ||
|---|---|---|---|
| 001 | 562624 | ||
| 003 | OSt | ||
| 005 | 20150521152952.0 | ||
| 008 | 890124s1989 enka b 001 0 eng c | ||
| 010 | _a 89002978 | ||
| 020 |
_a0192617435 : _c$35.00 |
||
| 040 |
_aDNLM/DLC _cDLC _dDLC |
||
| 050 | 0 | 0 |
_aRE45 _b.P37 1989 |
| 060 | _aWW 100 P258i | ||
| 082 | 0 | 0 |
_aWW 100 Pllli 1989 _219 |
| 100 | 1 |
_aParr, John _q(John Cuthbert) _94804 |
|
| 245 | 1 | 0 |
_aIntroduction to ophthalmology / _cJohn Parr. |
| 250 | _a3rd ed. | ||
| 260 |
_aOxford ; _aNew York : _bOxford University Press, _c1989. |
||
| 300 |
_a233 p. : _bill. (some col.) ; _c25 cm. |
||
| 440 | 0 |
_aOxford medical publications _9860 |
|
| 504 | _aIncludes bibliographical references (p. 223-225) and index. | ||
| 650 | 0 |
_aOphthalmology. _9338 |
|
| 650 | 2 |
_aEye Diseases. _94029 |
|
| 856 | 4 | 2 |
_3Publisher description _uhttp://www.loc.gov/catdir/enhancements/fy0637/89002978-d.html |
| 856 | 4 | 1 |
_3Table of contents only _uhttp://www.loc.gov/catdir/enhancements/fy0637/89002978-t.html |
| 906 |
_a7 _bcbc _corignew _d1 _eocip _f19 _gy-gencatlg |
||
| 942 |
_2z _cSLOAN |
||
| 999 |
_c1825 _d1825 |
||